all of taff's videos quiz great beautiful! - Statistics

General Stats
  • This quiz has been taken 2 times
  • The average score is 84 of 142
Answer Stats
Answer % Correct
this one is really hard Battle For February intro
100%
Battle Of Various People Named John [INTRO]
100%
BOVPNJ episode 1: the third one on the left
100%
Breadly Object Show ep.1: "IM NOT FUCKlNG GAY"
100%
Breadly Object Show ep.2: Tyler
100%
camp epic 10 challenge 10: oops! all woman!
100%
Camp epic 10 challenge 1: Clamp Eric once again
100%
Camp epic 10 challenge 3: meet the pope
100%
Camp epic 10 challenge 4: the ummm... uhhh... the erm... ummm... i am way too FUCKlNG TIRED FOR THIS
100%
camp epic 10 challenge 6: not again!
100%
camp epic 10 challenge 7: object fuсk EPISODE 5 REAL NOT FAKE WATCH RIGHT NOW FREE DOWNLOAD
100%
camp epic 10 challenge 8: luxembourg!
100%
camp epic 10 challenge 9: 1st: dual polytope 2nd: toilet paper 3rd: the all 5'1 black albino choir
100%
camp epic 8 challenge 1: NEVER EVER SEEN BEFORE ANTRY REAL
100%
camp epic 8 challenge 5: NEVER EVER SEEN BEFORE ANTRY REAL 2
100%
camp epic 9 Challenge 01: it doesn't hit the fan
100%
camp epic 9 challenge 02: i'm a
100%
camp epic 9 challenge 03: mental floss
100%
camp epic 9 challenge 04: i have a feeling that this one will be my least favourite at some point
100%
camp epic 9 challenge 10: robert makłowicz
100%
camp epic 9 challenge 11: CAMP EPIC 9/11 SPECIAL!!!!!!++@@
100%
camp epic 9 challenge 12: i'm just like sign language, hard and racist
100%
camp epic 9 challenge 9.5: poopfart
100%
Camp Epic Season 8 challenge 2
100%
Camp epic season 8 challenge 8
100%
this one is really hard join the B.R.E.A.D. discord server!
100%
UHH 2 challenge 10: the bumklierger berger
100%
UHH 2 challenge 1: the mystery of clumphert placenta
100%
UHH 2 challenge 2: the midget theorem
100%
UHH 2 challenge 3: the John Paul trylogy
100%
UHH 2 challenge 5: the reason why i didn't do the fourth entry
100%
UHH 2 challenge 6: the Bum, the Kli and the Er
100%
UHH 2 challenge 7: the secret plan but slightly better
100%
UHH 2 challenge 8: the greatest camp of all time
100%
UHH 2 challenge 9: the tale of the shithead
100%
yeah nobody is getting this one its pretty much not possible your mother
100%
12FPS animation test
50%
this one is really hard all of my WUJC mini season 1-5 entries (they suck)
50%
bart has a major meltown chronicles (battle for nuts)
50%
BATTLE FOR A FLAT TIRE episode 1: Fourty first, or forty first, whatever.
50%
BATTLE FOR A FLAT TIRE episode 2: CAMP EPIC SEASON 11 SIGNUPS OPEN REAL NOT FAKE
50%
battle for a vat of chocolate season 2 challenge 2
50%
battle for a vat of uranium challenge 12: hlain asf theit anooglart
50%
battle for a vat of uranium challenge 1: the gringle on the prangle
50%
battle for a vat of uranium challenge 4: fripper?
50%
battle for a vat of uranium challenge 5: the mopher glunchers
50%
battle for a vat of uranium challenge 7: glink
50%
battle for a vat of uranium challenge 8: hork!
50%
battle for a vat of uranium challenge 9: hd gaakd
50%
battle for a vat or uranium challenge 3: the sprinkler system
50%
battle for object 2023 bastard
50%
battle for object 2023 bastard 2
50%
BEST INTRO FLIPACLIP 2017 REAL MADE IN CHINA
50%
BFMCCI intro
50%
B.O.S. intro
50%
breadly Object Show GLOHEPAT styled intro
50%
breadly object show intro
50%
B.R.E.A.S.Τ.S. season 2 finale intro
50%
B.R.E.A.S.T.S. episode 5 part 1: i forgot the intro
50%
B.R.E.A.S.T.S. episode 6: goo goo gaa gaa
50%
this one is really hard B.R.E.A.S.T.S. new server
50%
[camp bracket 6 challenge 1: ms. petro's big moment
50%
camp B.R.E.A.S.T.S. 2 episode 4 part 1: who do you think you are
50%
camp B.R.E.A.S.T.S. 2 episode 4 part 2: i am ryan renolds!
50%
camp B.R.E.A.S.T.S. episode 5 part 2: awaaga
50%
camp B.R.E.A.S.T.S. episode 7: rumble in the jungle!
50%
camp B.R.E.А.S.T.S. 2 episode 3: toilet
50%
camp B.R.E.А.S.T.S. season 2 episode 2: the awesome one
50%
camp cool season 4 challenge 2: the lord
50%
camp DAMIEN challenge 1: camp epic SUCKS!!!!!!
50%
Camp epic 10 challenge 2: the entry
50%
camp grandma!!!
50%
camp of cool kids challenge 10: grandma itchy!
50%
camp of cool kids challenge 9: ryan gosling and the forty-nine little children
50%
Camp Of Cool Kids: debut signup!
50%
camp of cool kids intronational
50%
cool camp 4 challenge 4: the bоob family
50%
cool camp season 4 challenge 1: several infants
50%
cool camp season 4 challenge 3: fetus commitus yeetus to the deletus
50%
cramp epic
50%
family objects episode 1: the big butt grandma showdown
50%
family objects episode 2: welcome... to bonertown...
50%
family objects episode 3: therapist crowding time!
50%
family objects episode 4: uncle slime
50%
family objects episode 5: george washington natural selection lesbian
50%
this one is really hard FREAL NEW ONJECT SHOR INRTO !!4!401 [FREE DOWNLOAD] *NOT CLICKBAIT*
50%
"GRANDPA SWEATY" by me hey guys! it's me and hey guys i made this hey level hey guys!
50%
green man from CHUDDY
50%
this one is really hard happy new year for Poland
50%
this one is really hard i got adobe animate (thank you cub)
50%
O.B.A.M.A episode 1: hello fellow citizens!
50%
O.B.A.M.A. episode 2: the water jug doesn't appear this episode
50%
obejct sandiwichi 2 episode 2: welcome sandiwichi
50%
object fuсk episode 1: fuсk you
50%
object fuсk episode 2: what the fuсk
50%
object fuсk episode 3: fuсk off
50%
object fuсk episode 4: holy fuсk
50%
object fuсk episode 5: oh fuсk
50%
object fuсk episode 6: go fuсk yourself
50%
Object fuсk new intor (realnot clickbait)
50%
object sandiwichi 2 episode 1: hello sandiwichi
50%
object sandiwichi 2 episode 3: make yourself at home sandiwichi
50%
object sandiwichi 2 episode 4: i hope you like it sandiwichi
50%
object sandiwichi 2 episode 5: its time to go sandiwichi
50%
object sandiwichi 2 episode 6 (finale): bye sandiwichi
50%
object sandiwichi episode 1: sandiwichi
50%
object sandiwichi episode 2: no sandiwichi
50%
object sandiwichi episode 3: maybe sandiwichi (finale)
50%
object sandiwichi season 3 episode 2: who is sandiwichi?
50%
object sandiwichi season 3 episode 3: how is sandiwichi?
50%
object sandiwichi season 3 episode 4: what is sandiwichi?
50%
object sandiwichi season 3 epsiode 1: where is sandiwichi?
50%
Object Tumor intro
50%
salmonella
50%
SASC 1 challenge 2: this entry is so ass
50%
SASC 1 challenge 3: i'm sowwy :(
50%
SASC season 1 challenge 1: "what the jew?"
50%
schizo
50%
silent sandiwichi showcase [impossible level] (noclipped and speedhacked)
50%
S.U.B.O.S. episode 1: open wound
50%
S.U.B.O.S. episode 2: the infant child
50%
TCOF 3 challenge 10: erm... what the fart!
50%
TCOF 3 challenge 15: this is not a drill, it's an entry
50%
TCOF 3 challenge 1: gassy gamers, unite!
50%
TCOF 3 challenge 9.5: happy, jolly!
50%
the thing with the thing
50%
TOP TEN OBJECT SHOW INTROS intro
50%
TUMDSS intro
50%
UHH 3 challenge 2: i am actually stupid
50%
UHH 3 challenge 3: jesusy chris back real????
50%
UHH 3 challenge 4: john stamos is gone
50%
this one is really hard WUJUWCJ SANEOAS 666666!!!!11! CHALRNGE -6161252556179102!!!!!!!1!1!1!
50%
battle for a vat of uranium 2 challenge 1: luckily there's a family guy!
0%
BBS4 C1: "hello"
0%
Bommer Battles season 2 challenge 1: ew. (made: may 3rd 2021)
0%
Bommer Battles season 2 challenge 3: ewwwww... (made: may 18th 2021)
0%
Bommer Battles season 2 challenge 7: EW EW EWWWWWW (made: june 4th 2021)
0%
cash attack and camp of cool kids intro comparison yay!
0%
this one is really hard gartic phone 10 turns speedrun 1:02:85
0%
this one is really hard gartic phone 20 turns speedrun 54:94
0%
this one is really hard [OLD] UHH 2 challenge 7: the secret plan but slightly worse
0%
this one is really hard [OLD] UHH 3 challenge 2: get a load of this guy!
0%
No matching quizzes found
Score Distribution
Percent of People with Each Score
Percentile by Number Answered
Your Score History
You have not taken this quiz